000 01076cam a2200325 a 4500
999 _c500
_d500
001 12906853
003 GZU
005 20200902110858.0
008 020826s2003 mauab b 001 0 eng
010 _a 2001133308
020 _a0618170464
020 _a0618170499
040 _aDLC
_cDLC
043 _ae------
050 0 0 _aCB245
_b.McK 2003
100 1 _aMcKay, John P.
_eauthor
245 1 2 _aA history of Western society /
_cJohn P. McKay, Bennett D. Hill, John Buckler.
250 _a7th ed.
260 _aBoston :
_bHoughton Mifflin,
_cc2003.
300 _axxxii, 1063, I-42, [10] p. :
_bill., maps (some col.) ;
_c27 cm.
500 _aIncludes bibliographical references and index.
504 _aIncludes bibliographical references and index.
650 0 _aCivilization, Western
_xHistory.
651 0 _aEurope
_xCivilization.
700 1 _aHill, Bennett D.
_eauthor
700 1 _aBuckler, John.
_eauthor
906 _a7
_bcbc
_corigcop
_d2
_encip
_f20
_gy-gencatlg
942 _cBK
_e7th ed.
_h245
_iMcK
_kCB
_2lcc